| 000 | 00678cam a2200241 4500 | ||
|---|---|---|---|
| 001 | 76550 | ||
| 003 | BD-RjUL | ||
| 005 | 20211209082846.0 | ||
| 008 | 191224t19711957ctua 001 0 eng | ||
| 035 | _a(BD-RjUL)76774 | ||
| 040 |
_aDLC _cDLC _dDLC _beng |
||
| 041 | _aeng | ||
| 082 | 0 | 0 |
_a799.3209 _223 _bBUH 1958 |
| 100 | 1 |
_aBurke, Edmund _9236820 |
|
| 245 | 1 | 4 |
_aThe history of archery / _cby Edmund Burke. |
| 260 |
_aLondon.: _bHeinemann, _c c1957]1958 |
||
| 300 |
_a232 p. : _billus.; _c22 cm. |
||
| 650 | 0 |
_aArchery _xHistory. _9236821 |
|
| 906 |
_a7 _bcbc _corignew _d2 _encip _f19 _gy-gencatlg |
||
| 942 |
_2ddc _cBK |
||
| 999 |
_c76550 _d76550 |
||